New dimensions of peace (Record no. 352392)

MARC details
000 -LEADER
fixed length control field 004390000a22001930004500
005 - DATE AND TIME OF LATEST TRANSACTION
control field 20120302060853.0
040 ## - CATALOGING SOURCE
Original cataloging agency ENG
100 ## - MAIN ENTRY--PERSONAL NAME
Personal name Bowles,Chester
245 ## - TITLE STATEMENT
Title New dimensions of peace
260 ## - PUBLICATION, DISTRIBUTION, ETC. (IMPRINT)
Place of publication, distribution, etc New York:Pennant Books,1955
300 ## - PHYSICAL DESCRIPTION
Extent x;340P
365 ## - TRADE PRICE
Price amount Rs.
650 ## - SUBJECT ADDED ENTRY--TOPICAL TERM
Topical term or geographic name as entry element politics
650 ## - SUBJECT ADDED ENTRY--TOPICAL TERM
Topical term or geographic name as entry element history
650 ## - SUBJECT ADDED ENTRY--TOPICAL TERM
Topical term or geographic name as entry element new dimensions-peace
650 ## - SUBJECT ADDED ENTRY--TOPICAL TERM
Topical term or geographic name as entry element Chines revolution
650 ## - SUBJECT ADDED ENTRY--TOPICAL TERM
Topical term or geographic name as entry element American Policy
942 ## - ADDED ENTRY ELEMENTS (KOHA)
Koha item type Book
Holdings
Withdrawn status Lost status Damaged status Not for loan Home library Current library Date acquired Total Checkouts Barcode Date last seen Price effective from
        Institute For Oriental Study, Thane Institute For Oriental Study, Thane 12/02/2009   IOS-10825 12/02/2009 12/02/2009